000 01134cam a22003377a 4500
003 CHAP
005 20220329133315.0
008 971013s1987 r 00010 d
010 _a4678
011 _a5650
035 _a4864
040 _cCHAP
090 _aFolleto 13615
100 0 0 _aVinasco Ossa, César Augusto.
_9119824
245 1 3 _aEl fósforo en el suelo y su importancia en el cultivo del cafeto
260 _aChinchina Caldos, Colombia :
_bCentro Nacional de Investigaciones de Café,
_c1987
300 _a49 p.
490 0 _aBoletín técnico
_v; 12
590 _aBATCH-UPD
_b10
_c20130110
_lUCH01
_h0016
590 _aBATCH-UPD
_b10
_c20130110
_lUCH01
_h1918
590 _aBATCH-UPD
_b10
_c20130409
_lUCH01
_h1954
590 _aBATCH-UPD
_b10
_c20130410
_lUCH01
_h1244
590 _aBATCH-UPD
_b10
_c20130914
_lUCH01
_h0653
590 _aCONVERSION
_b10
_c20130109
_lUCH01
_h1304
650 1 4 _aFertilizantes
_xEfecto en café.
_940484
650 1 4 _aFósforo
_xEfecto en café.
_942218
830 0 _aBoletín técnico
_v; 12
_913560
901 _aBK
942 _cFOLL
949 _aFolleto 13615
_bBC
_cFOLL
_d-14428
_eTS1
_i4864
_si
999 _c4678
_d4678